| 000 | 00000nam##2200000za#4500 |
| 001 | 9.699487 |
| 003 | CaOODSP |
| 005 | 20210625000413 |
| 007 | cr ||||||||||| |
| 008 | 150407|2001||||xxc|||||o f|0| 0 eng|d |
| 040 | |aCaOODSP|beng |
| 043 | |an-cn--- |
| 086 | 1 |aR74-5/2001E-PDF |
| 110 | 1 |aCanada.|bIndian and Northern Affairs. |bWater Resources Division. |
| 245 | 10|aSummary of hydrometeorological and water quality data collection in the Coppermine River Drainage Basin and the Central Arctic Region / |h[electronic resource]|c[by] Denise Bicknell and Bob Reid. |
| 260 | |aYellowknife - Northwest Territories : |bIndian and Northern Affairs. |c25 May 2001. |
| 300 | |a8p.|bcoloured maps, tables |
| 590 | |a15-02-Supp|b2015-02-16 |
| 690 | 07|aWater quality|2gcpds |
| 775 | 08|tSommaire des données hydrométéorologiques et des données sur la qualité de l'eau recueillies dans le bassin hydrographique de la rivière Coppermine et dans le centre de l'Arctique / |w(CaOODSP)9.643519 |
| 856 | 40|ahttp://publications.gc.ca|qPDF|s888 KB|uhttps://publications.gc.ca/collections/collection_2014/aadnc-aandc/R74-5-2001-eng.pdf |